000 00555nam a22001817i 4500
999 _c22934
_d22934
003 AR-CdUCM
008 240531b20102010 pe||||| |||| 00| 0 spa d
020 _a978-612-4039-47-8
040 _aMUNICIPALIDAD PROVINCIAL DEL CUSCO
_cBIBLIOTECA MUNICIPAL DEL CUSCO
082 _a818.5 / M48S
_bM48S
100 _aMeyer, Stephenie.
_950048
245 _aLa segunda vida de Bree Tanner /
260 _aLima :
_bSantillana,
_c2010
300 _a225 páginas. :
_c22cm.
650 _aNovela estadounidense
_9448
942 _2ddc
_cLIBROS
945 _apbj
_d2024-05-31